Les Bahamas pour les touristes... - Facile - Statistiques

Statistiques générales
  • Ce quiz a été pris 7 fois
  • Le résultat moyen est 12 sur 20
Statistiques - réponses
Question Indice Réponses Indice facile % Correct
Quelle est la langue officielle ? Anglais
100%
Achats à faire 2/ Bijou en Argent ENRTGA
86%
Avez-vous besoin d'un visa ? (oui/non) Non
86%
Comment se nomme la principale compagnie aérienne locale B Bahamasair ABHIAAMRSA
71%
La conduite se fait à droite ou à gauche ? Gauche
71%
Quelles sont les principaux lieux touristiques ? L {Long} Island GLON
71%
Quelles sont les principaux lieux touristiques ? N Nassau
71%
Achats à faire 3/ Chapeau de Paille EPLILA
71%
Achats à faire 4/ Oeuvres d'art Peinture URETPEIN
71%
Quel est le climat local ? T Tropical
71%
Combien d'heures (environ) mettrez-vous pour vous y rendre ? (en chiffres) 10
57%
Dans la capitale quel est le décalage horaire avec Paris ? (+ ou - et chiffre) ex - 10 - 6
57%
La vitesse est limitée hors des villes à {70} km/h
57%
Le suffixe internet est bs
57%
Achats à faire 1/ Tissus Batik KIBAT
43%
Le principal aéroport est G B Grand Bahama
43%
Quelle est la monnaie ? Dollar bahaméen $
29%
Quelles sont les principaux lieux touristiques ? E Iles {Exuma} MAEUX
29%
La religion majoritaire est Baptisme B
14%
Quelles sont les principaux lieux touristiques ? E Ile d'{Eleuthera} EUEEHLATR
14%
Aucun quiz correspondant
Distribution des résultats
% des personnes avec chaque résultat
Percentile par nombre de réponses
Votre historique - résultats
Vous n’avez pas pris ce quiz